000 01154nam a2200229 i 4500
001 170795
003 ES-MaACL
005 20250808062743.0
008 090407s1954 sp |||| | spa d
100 0 _aLuis María Grignion de Montfort
_cSanto.
_974694
245 1 0 _aObras de San Luis María Grignion de Montfort /
_cedición preparada bajo la dirección de Nazario Pérez y Camilo María Abad.
260 _aMadrid :
_bLa Editorial Católica,
_c1954.
300 _aXXV, 974 p., 1 mapa ;
_c20 cm.
490 1 _aBiblioteca de autores cristianos ;
_v111
505 8 _aContiene : Biografía ; Cartas ; El amor de la sabiduría eterna ; Carta a los amigos de la Cruz ; El secreto de María ; El secreto del Rosario ; Tratado de la verdadera devoción ; Escritos destinados a los Misioneros de la Compañía de María y a las Hijas de la Sabiduría ; Preparación para la muerte ; Cánticos
546 _aAlgunos contenidos en francés.
700 1 _aAbad, Camilo María,
_d1878-1969
_9226437
700 1 _aPérez, Nazario.
_9139747
830 0 0 _aBiblioteca de autores cristianos
_v111
_9178679
852 _aES-MaACL
_jJ-109
999 _c170795
_d170795